| 000 | 00319nam a22000857a 4500 | ||
|---|---|---|---|
| 999 |
_c23539 _d23539 |
||
| 003 | NUST | ||
| 005 | 20170607134218.0 | ||
| 008 | 131217b xxu||||| |||| 00| 0 eng d | ||
| 020 | _cAvailable | ||
| 040 |
_aDLC _bDLC _cRCMS |
||
| 082 | _a670 DEF | ||
| 100 |
_aDepartment of Defense _92150 |
||
| 245 |
_aTechnical Reviews and Audits for Systems,Equipment,and Computer Software _cDepartment of Defense |
||
| 260 |
_aUnited States of America _bDepartment of Defense _c30-Jan-2009 |
||
| 300 |
_aviii,168,p: _bill: _c30,cm. |
||
| 538 | _iShelf No 1 Row No 3 | ||
| 650 |
_aSystems Engineering Standards _92171 |
||
| 856 | _3Table of Content Only | ||
| 942 |
_2ddc _cBK |
||